[Event "DEM U14 2023"]
[Site "Willingen GER"]
[Date "2023.05.28"]
[Round "2"]
[White "Wunderlich, Elias"]
[Black "Sauer, Tim"]
[Result "1-0"]
[Termination "normal"]
[Board "5"]
[WhiteElo "1815"]
[BlackElo "2093"]
[WhiteClock "00:10:54"]
[BlackClock "00:01:18"]
[PlyCount "83"]
[WhiteFideId "34608087"]
[BlackFideId "16265726"]
[EventCountry "GER"]
[EventRounds "9"]
[EventType "swiss"]
[EventDate "2023.05.27"]

1. e4 {[%clk 01:30:59]} c5 {[%clk 01:30:52]} {[%emt 00:00:09]} 2. c3 {[%clk
01:31:17]} {[%emt 00:00:12]} d5 {[%clk 01:31:07]} {[%emt 00:00:14]} 3. exd5
{[%clk 01:31:40]} {[%emt 00:00:08]} Qxd5 {[%clk 01:31:31]} {[%emt 00:00:05]} 4.
d4 {[%clk 01:32:04]} {[%emt 00:00:06]} Nc6 {[%clk 01:31:54]} {[%emt 00:00:07]}
5. Nf3 {[%clk 01:32:25]} {[%emt 00:00:10]} Bf5 {[%clk 01:31:56]} {[%emt
00:00:27]} 6. dxc5 {[%clk 01:30:28]} {[%emt 00:02:27]} Qxd1+ {[%clk 01:32:09]}
{[%emt 00:00:16]} 7. Kxd1 {[%clk 01:30:56]} {[%emt 00:00:03]} O-O-O+ {[%clk
01:31:58]} {[%emt 00:00:41]} 8. Bd2 {[%clk 01:29:12]} {[%emt 00:02:15]} e5
{[%clk 01:10:42]} {[%emt 00:21:45]} 9. b4 {[%clk 01:29:16]} {[%emt 00:00:26]}
e4 {[%clk 00:57:37]} {[%emt 00:13:35]} 10. Ne1 {[%clk 01:23:15]} {[%emt
00:06:31]} Nf6 {[%clk 00:46:07]} {[%emt 00:12:00]} 11. Nc2 {[%clk 01:14:29]}
{[%emt 00:09:17]} Ne5 {[%clk 00:19:57]} {[%emt 00:26:38]} 12. Nd4 {[%clk
01:10:37]} {[%emt 00:04:23]} Bg6 {[%clk 00:16:24]} {[%emt 00:04:04]} 13. h3
{[%clk 01:04:41]} {[%emt 00:06:26]} Nd5 {[%clk 00:14:00]} {[%emt 00:02:53]} 14.
a3 {[%clk 00:58:27]} {[%emt 00:06:45]} Nxc3+ {[%clk 00:11:33]} {[%emt
00:02:57]} 15. Nxc3 {[%clk 00:58:47]} {[%emt 00:00:10]} Rxd4 {[%clk 00:11:58]}
{[%emt 00:00:04]} 16. Nb5 {[%clk 00:58:37]} {[%emt 00:00:40]} Rd7 {[%clk
00:11:15]} {[%emt 00:01:13]} 17. Nxa7+ {[%clk 00:58:23]} {[%emt 00:00:43]} Kb8
{[%clk 00:11:37]} {[%emt 00:00:09]} 18. Nb5 {[%clk 00:57:59]} {[%emt 00:00:54]}
Be7 {[%clk 00:11:22]} {[%emt 00:00:44]} 19. Ke1 {[%clk 00:54:19]} {[%emt
00:04:10]} Nd3+ {[%clk 00:06:54]} {[%emt 00:04:59]} 20. Bxd3 {[%clk 00:54:27]}
{[%emt 00:00:21]} Rxd3 {[%clk 00:07:04]} {[%emt 00:00:21]} 21. Bf4+ {[%clk
00:45:28]} {[%emt 00:09:29]} Ka8 {[%clk 00:07:07]} {[%emt 00:00:27]} 22. Rd1
{[%clk 00:23:47]} {[%emt 00:22:11]} Rhd8 {[%clk 00:06:10]} {[%emt 00:01:26]}
23. Ke2 {[%clk 00:20:45]} {[%emt 00:03:33]} f5 {[%clk 00:06:01]} {[%emt
00:00:39]} 24. g4 {[%clk 00:20:21]} {[%emt 00:00:54]} Bf7 {[%clk 00:03:31]}
{[%emt 00:03:00]} 25. Nd6 {[%clk 00:18:35]} {[%emt 00:02:16]} Bxd6 {[%clk
00:02:31]} {[%emt 00:01:30]} 26. Bxd6 {[%clk 00:18:44]} {[%emt 00:00:21]} Rxa3
{[%clk 00:00:36]} {[%emt 00:02:25]} 27. Ra1 {[%clk 00:18:23]} {[%emt 00:00:52]}
Bc4+ {[%clk 00:01:01]} {[%emt 00:00:05]} 28. Kd2 {[%clk 00:18:19]} {[%emt
00:00:33]} Ra6 {[%clk 00:01:27]} {[%emt 00:00:04]} 29. Kc3 {[%clk 00:15:33]}
{[%emt 00:03:16]} Bd3 {[%clk 00:00:45]} {[%emt 00:01:12]} 30. gxf5 {[%clk
00:14:28]} {[%emt 00:01:35]} g6 {[%clk 00:00:34]} {[%emt 00:00:41]} 31. f6
{[%clk 00:13:43]} {[%emt 00:01:15]} Rd7 {[%clk 00:00:59]} {[%emt 00:00:05]} 32.
Kd4 {[%clk 00:12:51]} {[%emt 00:01:21]} b6 {[%clk 00:00:40]} {[%emt 00:00:50]}
33. f3 {[%clk 00:11:22]} {[%emt 00:01:59]} bxc5+ {[%clk 00:00:43]} {[%emt
00:00:28]} 34. bxc5 {[%clk 00:11:45]} {[%emt 00:00:07]} Bb5 {[%clk 00:00:34]}
{[%emt 00:00:39]} 35. fxe4 {[%clk 00:11:32]} {[%emt 00:00:42]} Kb7 {[%clk
00:00:34]} {[%emt 00:00:30]} 36. Rxa6 {[%clk 00:11:43]} {[%emt 00:00:19]} Kxa6
{[%clk 00:00:39]} {[%emt 00:00:25]} 37. e5 {[%clk 00:11:46]} {[%emt 00:00:27]}
Rf7 {[%clk 00:00:45]} {[%emt 00:00:24]} 38. Be7 {[%clk 00:11:06]} {[%emt
00:01:10]} Bd7 {[%clk 00:00:50]} {[%emt 00:00:25]} 39. Kd5 {[%clk 00:10:58]}
{[%emt 00:00:38]} Kb7 {[%clk 00:01:04]} {[%emt 00:00:16]} 40. Rb1+ {[%clk
00:10:43]} {[%emt 00:00:44]} Kc7 {[%clk 00:01:17]} {[%emt 00:00:19]} 41. e6
{[%clk 00:10:35]} {[%emt 00:00:37]} Bc6+ {[%clk 00:01:18]} {[%emt 00:00:29]}
42. Ke5 {[%clk 00:10:54]} {[%emt 00:00:11]} 1-0

[Event "DEM U14 2023"]
[Site "Willingen GER"]
[Date "2023.05.28"]
[Round "2"]
[White "Wylie, Leonard"]
[Black "Sommer, Justus"]
[Result "0-1"]
[Termination "normal"]
[Board "6"]
[WhiteElo "1546"]
[BlackElo "2047"]
[WhiteClock "00:09:00"]
[BlackClock "00:08:35"]
[PlyCount "88"]
[WhiteFideId "479616"]
[BlackFideId "16245008"]
[EventCountry "GER"]
[EventRounds "9"]
[EventType "swiss"]
[EventDate "2023.05.27"]

1. e4 {[%clk 01:30:58]} {[%emt 00:00:02]} e5 {[%clk 01:30:51]} {[%emt
00:00:09]} 2. Nf3 {[%clk 01:31:22]} {[%emt 00:00:06]} Nc6 {[%clk 01:31:14]}
{[%emt 00:00:06]} 3. d4 {[%clk 01:31:45]} {[%emt 00:00:08]} exd4 {[%clk
01:31:38]} {[%emt 00:00:07]} 4. Nxd4 {[%clk 01:32:10]} {[%emt 00:00:05]} Bb4+
{[%clk 01:31:36]} {[%emt 00:00:30]} 5. c3 {[%clk 01:32:22]} {[%emt 00:00:19]}
Bc5 {[%clk 01:31:57]} {[%emt 00:00:10]} 6. Nb3 {[%clk 01:32:23]} {[%emt
00:00:28]} Bb6 {[%clk 01:32:01]} {[%emt 00:00:26]} 7. Qe2 {[%clk 01:32:40]}
{[%emt 00:00:13]} Nge7 {[%clk 01:30:24]} {[%emt 00:02:06]} 8. Bg5 {[%clk
01:32:18]} {[%emt 00:00:53]} O-O {[%clk 01:29:02]} {[%emt 00:01:50]} 9. N1d2
{[%clk 01:32:29]} {[%emt 00:00:21]} f6 {[%clk 01:23:33]} {[%emt 00:05:59]} 10.
Be3 {[%clk 01:32:35]} {[%emt 00:00:25]} f5 {[%clk 01:15:03]} {[%emt 00:08:59]}
11. Bg5 {[%clk 01:27:39]} {[%emt 00:05:25]} h6 {[%clk 01:12:16]} {[%emt
00:03:17]} 12. Be3 {[%clk 01:26:15]} {[%emt 00:01:50]} f4 {[%clk 01:09:29]}
{[%emt 00:03:22]} 13. Bd4 {[%clk 01:26:25]} {[%emt 00:00:20]} Nxd4 {[%clk
01:07:10]} {[%emt 00:02:48]} 14. cxd4 {[%clk 01:23:54]} {[%emt 00:03:03]} d5
{[%clk 01:03:53]} {[%emt 00:03:46]} 15. f3 {[%clk 01:21:56]} {[%emt 00:02:27]}
c6 {[%clk 00:59:16]} {[%emt 00:05:08]} 16. g4 {[%clk 01:10:51]} {[%emt
00:11:34]} dxe4 {[%clk 00:54:55]} {[%emt 00:04:52]} 17. Nxe4 {[%clk 01:10:59]}
{[%emt 00:00:22]} Nd5 {[%clk 00:53:51]} {[%emt 00:01:33]} 18. O-O-O {[%clk
01:07:38]} {[%emt 00:03:51]} Ne3 {[%clk 00:51:58]} {[%emt 00:02:23]} 19. Rd3
{[%clk 01:00:00]} {[%emt 00:08:09]} Be6 {[%clk 00:50:09]} {[%emt 00:02:18]} 20.
Nbd2 {[%clk 00:58:43]} {[%emt 00:01:45]} Rc8 {[%clk 00:42:02]} {[%emt
00:08:40]} 21. Nc5 {[%clk 00:55:11]} {[%emt 00:04:01]} Bxc5 {[%clk 00:40:31]}
{[%emt 00:02:02]} 22. dxc5 {[%clk 00:55:25]} {[%emt 00:00:16]} Qa5 {[%clk
00:40:46]} {[%emt 00:00:15]} 23. a3 {[%clk 00:50:38]} {[%emt 00:05:17]} Qxc5+
{[%clk 00:35:08]} {[%emt 00:06:07]} 24. Rc3 {[%clk 00:50:43]} {[%emt 00:00:26]}
Qe5 {[%clk 00:34:26]} {[%emt 00:01:11]} 25. Bh3 {[%clk 00:42:56]} {[%emt
00:08:18]} Rfd8 {[%clk 00:24:55]} {[%emt 00:10:01]} 26. Re1 {[%clk 00:41:20]}
{[%emt 00:02:05]} Qd4 {[%clk 00:23:01]} {[%emt 00:02:23]} 27. Bf1 {[%clk
00:35:38]} {[%emt 00:06:10]} b5 {[%clk 00:18:34]} {[%emt 00:05:01]} 28. Qd3
{[%clk 00:25:33]} {[%emt 00:10:35]} Qf6 {[%clk 00:17:45]} {[%emt 00:01:18]} 29.
Qb1 {[%clk 00:22:32]} {[%emt 00:03:32]} Rd4 {[%clk 00:14:58]} {[%emt 00:03:16]}
30. Rd3 {[%clk 00:18:27]} {[%emt 00:04:36]} Rcd8 {[%clk 00:14:47]} {[%emt
00:00:42]} 31. Ne4 {[%clk 00:15:42]} {[%emt 00:03:14]} Qe5 {[%clk 00:14:33]}
{[%emt 00:00:43]} 32. b3 {[%clk 00:14:25]} {[%emt 00:01:48]} Nxf1 {[%clk
00:09:14]} {[%emt 00:05:49]} 33. Rxd4 {[%clk 00:10:47]} {[%emt 00:04:08]} Qxd4
{[%clk 00:09:36]} {[%emt 00:00:07]} 34. Rxf1 {[%clk 00:10:52]} {[%emt
00:00:26]} Qe3+ {[%clk 00:09:46]} {[%emt 00:00:19]} 35. Kc2 {[%clk 00:11:13]}
{[%emt 00:00:09]} Qd3+ {[%clk 00:09:55]} {[%emt 00:00:21]} 36. Kb2 {[%clk
00:11:00]} {[%emt 00:00:43]} Qxb3+ {[%clk 00:10:11]} {[%emt 00:00:14]} 37. Kc1
{[%clk 00:11:20]} {[%emt 00:00:11]} Qe3+ {[%clk 00:09:00]} {[%emt 00:01:40]}
38. Kb2 {[%clk 00:11:06]} {[%emt 00:00:45]} Rd3 {[%clk 00:08:02]} {[%emt
00:01:27]} 39. Qc2 {[%clk 00:08:42]} {[%emt 00:02:54]} Rb3+ {[%clk 00:08:04]}
{[%emt 00:00:28]} 40. Ka1 {[%clk 00:08:42]} {[%emt 00:00:32]} Rxa3+ {[%clk
00:07:45]} {[%emt 00:00:48]} 41. Kb1 {[%clk 00:08:56]} {[%emt 00:00:10]} Rb3+
{[%clk 00:07:51]} {[%emt 00:00:28]} 42. Ka1 {[%clk 00:09:23]} {[%emt 00:00:04]}
Qd4+ {[%clk 00:08:12]} {[%emt 00:00:09]} 43. Nc3 {[%clk 00:08:51]} {[%emt
00:01:03]} Rxc3 {[%clk 00:08:24]} {[%emt 00:00:17]} 44. Qg6 {[%clk 00:09:00]}
{[%emt 00:00:21]} Rc1# {[%clk 00:08:35]} {[%emt 00:00:19]} 0-1

[Event "DEM U14 2023"]
[Site "Willingen GER"]
[Date "2023.05.28"]
[Round "2"]
[White "Petrow, Andre"]
[Black "Navarro Jahnke, Leo"]
[Result "0-1"]
[Termination "normal"]
[Board "8"]
[WhiteElo "1540"]
[BlackElo "1954"]
[WhiteClock "00:16:13"]
[BlackClock "00:31:31"]
[PlyCount "72"]
[WhiteFideId "34612815"]
[BlackFideId "16234146"]
[EventCountry "GER"]
[EventRounds "9"]
[EventType "swiss"]
[EventDate "2023.05.27"]

1. e4 {[%clk 01:30:58]} {[%emt 00:00:02]} c5 {[%clk 01:30:56]} {[%emt
00:00:04]} 2. Nf3 {[%clk 01:31:23]} {[%emt 00:00:05]} g6 {[%clk 01:31:21]}
{[%emt 00:00:05]} 3. d4 {[%clk 01:31:37]} {[%emt 00:00:16]} cxd4 {[%clk
01:31:50]} {[%emt 00:00:01]} 4. Qxd4 {[%clk 01:31:49]} {[%emt 00:00:18]} Nf6
{[%clk 01:32:20]} 5. Nc3 {[%clk 01:31:44]} {[%emt 00:00:35]} Nc6 {[%clk
01:32:47]} {[%emt 00:00:03]} 6. Qd1 {[%clk 01:31:37]} {[%emt 00:00:37]} d6
{[%clk 01:32:48]} {[%emt 00:00:29]} 7. Bb5 {[%clk 01:31:58]} {[%emt 00:00:09]}
Bd7 {[%clk 01:32:40]} {[%emt 00:00:38]} 8. O-O {[%clk 01:32:18]} {[%emt
00:00:10]} Bg7 {[%clk 01:32:30]} {[%emt 00:00:39]} 9. Be3 {[%clk 01:31:44]}
{[%emt 00:01:05]} O-O {[%clk 01:31:34]} {[%emt 00:01:25]} 10. h3 {[%clk
01:30:48]} {[%emt 00:01:27]} Rc8 {[%clk 01:29:17]} {[%emt 00:02:46]} 11. Qd2
{[%clk 01:28:29]} {[%emt 00:02:50]} Qc7 {[%clk 01:27:20]} {[%emt 00:02:25]} 12.
Bh6 {[%clk 01:23:52]} {[%emt 00:05:08]} a6 {[%clk 01:26:27]} {[%emt 00:01:24]}
13. Bd3 {[%clk 01:18:54]} {[%emt 00:05:28]} Rfd8 {[%clk 01:23:08]} {[%emt
00:03:46]} 14. Bxg7 {[%clk 01:15:15]} {[%emt 00:04:00]} Kxg7 {[%clk 01:23:27]}
{[%emt 00:00:22]} 15. Rfe1 {[%clk 01:14:03]} {[%emt 00:01:42]} Be6 {[%clk
01:20:27]} {[%emt 00:03:30]} 16. Rad1 {[%clk 01:11:03]} {[%emt 00:03:30]} Ne5
{[%clk 01:13:15]} {[%emt 00:07:41]} 17. Nh2 {[%clk 01:07:15]} {[%emt 00:04:19]}
Qb6 {[%clk 01:04:29]} {[%emt 00:09:16]} 18. Na4 {[%clk 00:52:47]} {[%emt
00:14:58]} Qd4 {[%clk 01:03:52]} {[%emt 00:01:01]} 19. Nc3 {[%clk 00:48:06]}
{[%emt 00:05:18]} b5 {[%clk 01:01:38]} {[%emt 00:02:43]} 20. a3 {[%clk
00:44:41]} {[%emt 00:03:56]} Nfd7 {[%clk 00:56:23]} {[%emt 00:05:43]} 21. Kh1
{[%clk 00:44:02]} {[%emt 00:01:10]} Nc5 {[%clk 00:52:02]} {[%emt 00:04:49]} 22.
f4 {[%clk 00:40:39]} {[%emt 00:03:54]} Nexd3 {[%clk 00:48:06]} {[%emt
00:04:26]} 23. cxd3 {[%clk 00:39:16]} {[%emt 00:01:53]} Bb3 {[%clk 00:44:53]}
{[%emt 00:03:44]} 24. Nf3 {[%clk 00:38:05]} {[%emt 00:01:41]} Qf6 {[%clk
00:44:03]} {[%emt 00:01:20]} 25. Nd5 {[%clk 00:31:21]} {[%emt 00:07:12]} Bxd5
{[%clk 00:40:51]} {[%emt 00:03:44]} 26. exd5 {[%clk 00:31:36]} {[%emt
00:00:15]} Na4 {[%clk 00:40:58]} {[%emt 00:00:23]} 27. Re2 {[%clk 00:27:08]}
{[%emt 00:04:58]} Nb6 {[%clk 00:40:12]} {[%emt 00:01:14]} 28. Qa5 {[%clk
00:24:36]} {[%emt 00:03:04]} Nxd5 {[%clk 00:40:28]} {[%emt 00:00:14]} 29. Qxa6
{[%clk 00:23:16]} {[%emt 00:01:51]} Nxf4 {[%clk 00:33:49]} {[%emt 00:07:08]}
30. Rf2 {[%clk 00:22:49]} {[%emt 00:00:57]} Rc5 {[%clk 00:30:35]} {[%emt
00:03:43]} 31. Rdf1 {[%clk 00:22:06]} {[%emt 00:01:13]} Nxd3 {[%emt 00:01:36]}
32. Rd2 {[%clk 00:18:07]} {[%emt 00:03:19]} Ne5 {[%clk 00:29:49]} {[%emt
00:01:20]} 33. Rff2 {[%clk 00:17:15]} {[%emt 00:01:22]} Rc1+ {[%clk 00:30:09]}
{[%emt 00:00:10]} 34. Kh2 {[%clk 00:16:47]} {[%emt 00:00:59]} Qf4+ {[%clk
00:30:37]} {[%emt 00:00:02]} 35. g3 {[%clk 00:16:39]} {[%emt 00:00:37]} Nxf3+
{[%clk 00:31:05]} {[%emt 00:00:02]} 36. Kg2 {[%clk 00:16:13]} {[%emt 00:00:57]}
Rg1# {[%clk 00:31:31]} {[%emt 00:00:02]} 0-1

[Event "DEM U14 2023"]
[Site "Willingen GER"]
[Date "2023.05.28"]
[Round "2"]
[White "Besou, Hussain"]
[Black "Skembris, Simon Max"]
[Result "1-0"]
[Termination "normal"]
[Board "9"]
[WhiteTitle "FM"]
[WhiteElo "2304"]
[BlackElo "1967"]
[PlyCount "73"]
[WhiteFideId "16269950"]
[BlackFideId "16281381"]
[EventCountry "GER"]
[EventRounds "9"]
[EventType "swiss"]
[EventDate "2023.05.27"]

1. e4 {[%emt 01:15:15]} e5 {[%emt 00:00:06]} 2. Nf3 {[%emt 00:00:05]} Nf6
{[%emt 00:00:06]} 3. Nxe5 {[%emt 00:00:14]} d6 {[%emt 00:00:11]} 4. Nf3 {[%emt
00:00:06]} Nxe4 {[%emt 00:00:09]} 5. Nc3 {[%emt 00:00:37]} Nxc3 {[%emt
00:00:16]} 6. dxc3 {[%emt 00:00:06]} Be7 {[%emt 00:00:48]} 7. Be3 {[%emt
00:00:07]} Nc6 {[%emt 00:00:47]} 8. Qd2 {[%emt 00:00:11]} Ne5 {[%emt 00:01:45]}
9. Be2 {[%emt 00:02:43]} Be6 {[%emt 00:05:22]} 10. Nd4 {[%emt 00:01:48]} Qd7
{[%emt 00:06:46]} 11. b3 {[%emt 00:10:25]} a6 {[%emt 00:07:48]} 12. O-O {[%emt
00:03:44]} Bg4 {[%emt 00:10:39]} 13. Bxg4 {[%emt 00:11:39]} Nxg4 {[%emt
00:02:05]} 14. Bf4 {[%emt 00:00:12]} O-O {[%emt 00:02:39]} 15. Nf3 {[%emt
00:01:34]} Rfe8 {[%emt 00:05:44]} 16. Rfe1 {[%emt 00:02:02]} Bf8 {[%emt
00:03:35]} 17. c4 {[%emt 00:01:38]} Nf6 {[%emt 00:03:58]} 18. Rad1 {[%emt
00:02:52]} Rxe1+ {[%emt 00:03:28]} 19. Rxe1 {[%emt 00:01:13]} Re8 {[%emt
00:01:24]} 20. Rd1 {[%emt 00:00:18]} g6 {[%emt 00:04:06]} 21. Be3 {[%emt
00:08:44]} Qc8 {[%emt 00:04:05]} 22. a4 {[%emt 00:03:15]} Bg7 {[%emt 00:02:01]}
23. h3 {[%emt 00:01:23]} Ne4 {[%emt 00:01:41]} 24. Qd3 {[%emt 00:00:10]} a5
{[%emt 00:01:49]} 25. Nd4 {[%emt 00:01:35]} b6 {[%emt 00:03:02]} 26. Ne2 {[%emt
00:02:48]} Qb7 {[%emt 00:03:01]} 27. Nf4 {[%emt 00:01:11]} Nc3 {[%emt
00:03:17]} 28. Re1 {[%emt 00:00:37]} Ne4 {[%emt 00:01:59]} 29. Bd4 {[%emt
00:01:55]} Qc6 {[%emt 00:02:43]} 30. Bxg7 {[%emt 00:01:53]} Kxg7 {[%emt
00:00:37]} 31. Qd4+ {[%emt 00:00:40]} Kg8 {[%emt 00:01:51]} 32. Nd5 {[%emt
00:00:14]} f5 {[%emt 00:00:54]} 33. f3 {[%emt 00:00:15]} Ng3 {[%emt 00:00:38]}
34. Nf6+ {[%emt 00:00:13]} Kf7 {[%emt 00:00:21]} 35. Nxe8 {[%emt 00:00:05]}
Qxe8 {[%emt 00:00:22]} 36. Rxe8 {[%emt 00:00:08]} Kxe8 {[%emt 00:00:03]} 37.
Qh8+ {[%emt 00:00:14]} 1-0

[Event "DEM U14 2023"]
[Site "Willingen GER"]
[Date "2023.05.28"]
[Round "2"]
[White "Korchynskyi, Mykola"]
[Black "Limmer, Marco"]
[Result "1-0"]
[Termination "normal"]
[Board "10"]
[WhiteElo "2126"]
[BlackElo "1774"]
[WhiteClock "00:39:05"]
[BlackClock "00:18:19"]
[PlyCount "123"]
[WhiteFideId "34138005"]
[BlackFideId "34603506"]
[EventCountry "GER"]
[EventRounds "9"]
[EventType "swiss"]
[EventDate "2023.05.27"]

1. d4 {[%clk 01:30:47]} {[%emt 00:00:12]} d5 {[%clk 01:30:50]} {[%emt
00:00:11]} 2. c4 {[%clk 01:31:04]} {[%emt 00:00:13]} e6 {[%clk 01:31:15]}
{[%emt 00:00:06]} 3. Nc3 {[%clk 01:31:28]} {[%emt 00:00:05]} Nf6 {[%clk
01:31:40]} {[%emt 00:00:05]} 4. Nf3 {[%clk 01:31:54]} {[%emt 00:00:04]} Be7
{[%clk 01:31:45]} {[%emt 00:00:25]} 5. Bf4 {[%clk 01:32:12]} {[%emt 00:00:12]}
O-O {[%clk 01:31:14]} {[%emt 00:01:01]} 6. e3 {[%clk 01:32:33]} {[%emt
00:00:09]} c5 {[%clk 01:30:05]} {[%emt 00:01:40]} 7. dxc5 {[%clk 01:30:40]}
{[%emt 00:02:22]} Bxc5 {[%clk 01:29:33]} {[%emt 00:01:03]} 8. a3 {[%clk
01:29:35]} {[%emt 00:01:34]} Nc6 {[%clk 01:23:57]} {[%emt 00:06:06]} 9. b4
{[%clk 01:25:58]} {[%emt 00:04:07]} Bd6 {[%clk 01:23:53]} {[%emt 00:00:34]} 10.
Bxd6 {[%clk 01:25:55]} {[%emt 00:00:33]} Qxd6 {[%clk 01:24:18]} {[%emt
00:00:05]} 11. c5 {[%clk 01:26:20]} {[%emt 00:00:05]} Qe7 {[%clk 01:21:11]}
{[%emt 00:03:37]} 12. Rc1 {[%clk 01:21:25]} {[%emt 00:05:25]} Rd8 {[%clk
01:14:03]} {[%emt 00:07:38]} 13. Be2 {[%clk 01:17:32]} {[%emt 00:04:21]} e5
{[%clk 01:09:19]} {[%emt 00:05:16]} 14. O-O {[%clk 01:16:48]} {[%emt 00:01:13]}
Bg4 {[%clk 01:05:42]} {[%emt 00:04:08]} 15. b5 {[%clk 01:03:13]} {[%emt
00:14:05]} d4 {[%clk 00:59:23]} {[%emt 00:06:50]} 16. bxc6 {[%clk 01:02:24]}
{[%emt 00:01:18]} dxc3 {[%clk 00:58:54]} {[%emt 00:00:59]} 17. cxb7 {[%clk
01:00:54]} {[%emt 00:02:01]} Qxb7 {[%clk 00:57:52]} {[%emt 00:01:31]} 18. Qe1
{[%clk 01:00:31]} {[%emt 00:00:53]} Bxf3 {[%clk 00:55:10]} {[%emt 00:03:12]}
19. Bxf3 {[%clk 00:57:07]} {[%emt 00:03:53]} e4 {[%clk 00:55:32]} {[%emt
00:00:09]} 20. Be2 {[%clk 00:56:51]} {[%emt 00:00:46]} Nd5 {[%clk 00:55:19]}
{[%emt 00:00:43]} 21. Bc4 {[%clk 00:55:28]} {[%emt 00:01:52]} Rac8 {[%clk
00:49:40]} {[%emt 00:06:09]} 22. Bxd5 {[%clk 00:55:28]} {[%emt 00:00:30]} Rxd5
{[%clk 00:49:53]} {[%emt 00:00:18]} 23. Qxc3 {[%clk 00:55:53]} {[%emt
00:00:05]} Rd3 {[%clk 00:50:06]} {[%emt 00:00:17]} 24. Qe5 {[%clk 00:46:58]}
{[%emt 00:09:25]} Qc6 {[%clk 00:45:35]} {[%emt 00:05:01]} 25. a4 {[%clk
00:44:40]} {[%emt 00:02:47]} Re8 {[%clk 00:42:25]} {[%emt 00:03:40]} 26. Qb2
{[%clk 00:43:27]} {[%emt 00:01:43]} Qxa4 {[%clk 00:40:27]} {[%emt 00:02:28]}
27. c6 {[%clk 00:43:03]} {[%emt 00:00:54]} Rdd8 {[%clk 00:31:51]} {[%emt
00:09:07]} 28. c7 {[%clk 00:42:25]} {[%emt 00:01:08]} Rc8 {[%clk 00:32:16]}
{[%emt 00:00:05]} 29. Qb7 {[%clk 00:42:42]} {[%emt 00:00:12]} a5 {[%clk
00:31:45]} {[%emt 00:01:02]} 30. Rfd1 {[%clk 00:41:35]} {[%emt 00:01:37]} Qb4
{[%clk 00:31:47]} {[%emt 00:00:28]} 31. Qc6 {[%clk 00:41:48]} {[%emt 00:00:16]}
Qe7 {[%clk 00:24:16]} {[%emt 00:08:02]} 32. Rd7 {[%clk 00:40:04]} {[%emt
00:02:12]} Qe6 {[%clk 00:24:18]} {[%emt 00:00:29]} 33. Rd6 {[%clk 00:40:01]}
{[%emt 00:00:34]} Qe5 {[%clk 00:20:43]} {[%emt 00:04:05]} 34. Rd5 {[%clk
00:39:52]} {[%emt 00:00:31]} Qe6 {[%clk 00:21:03]} {[%emt 00:00:18]} 35. Qxe6
{[%clk 00:39:38]} {[%emt 00:00:44]} fxe6 {[%clk 00:21:00]} {[%emt 00:00:34]}
36. Rxa5 {[%clk 00:40:03]} {[%emt 00:00:04]} Re7 {[%clk 00:21:12]} {[%emt
00:00:18]} 37. Rac5 {[%clk 00:40:27]} {[%emt 00:00:06]} Rd7 {[%clk 00:20:56]}
{[%emt 00:00:47]} 38. h3 {[%clk 00:40:35]} {[%emt 00:00:21]} Kf7 {[%clk
00:20:25]} {[%emt 00:01:01]} 39. Kh2 {[%clk 00:40:59]} {[%emt 00:00:05]} Re7
{[%clk 00:17:04]} {[%emt 00:03:51]} 40. Kg3 {[%clk 00:40:52]} {[%emt 00:00:37]}
e5 {[%clk 00:17:27]} {[%emt 00:00:08]} 41. R1c4 {[%clk 00:41:02]} {[%emt
00:00:19]} Kf6 {[%clk 00:17:40]} {[%emt 00:00:18]} 42. Rc6+ {[%clk 00:40:55]}
{[%emt 00:00:37]} Kf5 {[%clk 00:17:46]} {[%emt 00:00:24]} 43. Kh4 {[%clk
00:40:55]} {[%emt 00:00:29]} Re6 {[%clk 00:17:49]} {[%emt 00:00:28]} 44. g4+
{[%clk 00:40:30]} {[%emt 00:00:55]} Kf6 {[%clk 00:18:16]} {[%emt 00:00:04]} 45.
Rxe6+ {[%clk 00:40:42]} {[%emt 00:00:17]} Kxe6 {[%clk 00:18:41]} {[%emt
00:00:05]} 46. Kg5 {[%clk 00:41:07]} {[%emt 00:00:04]} Kd6 {[%clk 00:18:50]}
{[%emt 00:00:22]} 47. h4 {[%clk 00:40:05]} {[%emt 00:01:32]} Rxc7 {[%clk
00:19:12]} {[%emt 00:00:08]} 48. Rxc7 {[%clk 00:40:29]} {[%emt 00:00:06]} Kxc7
{[%clk 00:19:39]} {[%emt 00:00:03]} 49. Kf5 {[%clk 00:40:52]} {[%emt 00:00:07]}
Kd6 {[%clk 00:20:06]} {[%emt 00:00:03]} 50. Kxe4 {[%clk 00:41:18]} {[%emt
00:00:04]} Ke6 {[%clk 00:20:28]} {[%emt 00:00:08]} 51. f4 {[%clk 00:36:39]}
{[%emt 00:05:08]} exf4 {[%clk 00:20:54]} {[%emt 00:00:05]} 52. exf4 {[%clk
00:36:26]} {[%emt 00:00:43]} g6 {[%clk 00:20:37]} {[%emt 00:00:47]} 53. f5+
{[%clk 00:36:47]} {[%emt 00:00:09]} gxf5+ {[%clk 00:20:54]} {[%emt 00:00:12]}
54. gxf5+ {[%clk 00:37:14]} {[%emt 00:00:04]} Kf6 {[%clk 00:21:13]} {[%emt
00:00:11]} 55. Kf4 {[%clk 00:37:28]} {[%emt 00:00:17]} Kf7 {[%clk 00:20:57]}
{[%emt 00:00:44]} 56. Kg5 {[%clk 00:37:11]} {[%emt 00:00:47]} Kg7 {[%clk
00:21:16]} {[%emt 00:00:12]} 57. f6+ {[%clk 00:37:33]} {[%emt 00:00:08]} Kf7
{[%clk 00:21:41]} {[%emt 00:00:04]} 58. Kf5 {[%clk 00:37:58]} {[%emt 00:00:06]}
Ke8 {[%clk 00:18:28]} {[%emt 00:03:44]} 59. Ke6 {[%clk 00:38:03]} {[%emt
00:00:25]} Kf8 {[%clk 00:17:43]} {[%emt 00:01:14]} 60. h5 {[%clk 00:38:18]}
{[%emt 00:00:14]} Ke8 {[%clk 00:17:56]} {[%emt 00:00:18]} 61. f7+ {[%clk
00:38:40]} {[%emt 00:00:08]} Kf8 {[%clk 00:18:19]} {[%emt 00:00:08]} 62. Kf6
{[%clk 00:39:05]} 1-0